El libro de los pioneros: la conquista del conocimiento. Inventos y descubrimientos que cambiaron el mundo

Bewaard in:
Bibliografische gegevens
Hoofdauteur: Gómez Cordero, Teodoro (Auteur)
Formaat: Boek
Taal:Spaans
Gepubliceerd in: Barcelona Océano 2007
Editie:1a. ed
Onderwerpen:
Tags: Voeg label toe
Geen labels, Wees de eerste die dit record labelt!

MARC

LEADER 00000nam a2200000 a 4500
001 UCG1497
003 CL-VaPUC
008 100506e20070000SP |||||||||||||||||spa|d
020 |a 9788475565019 
082 0 4 |a 036  |b GOM  |2 21 
100 |a Gómez Cordero, Teodoro  |e author  |9 466220 
245 1 3 |a El libro de los pioneros: la conquista del conocimiento. Inventos y descubrimientos que cambiaron el mundo 
250 |a 1a. ed 
300 |a 285 p 
942 |c BK 
945 |d 20100506 00:00:00  |a cmena 
260 |a Barcelona  |b Océano  |c 2007 
650 0 |a Enciclopedias  |9 264135 
650 7 |a DESCUBRIMIENTOS CIENTIFICOS  |2 CL-VaPUC  |9 334499 
650 7 |a INNOVACIONES TECNOLOGICAS  |2 CL-VaPUC  |9 549453 
650 7 |a INVENTOS  |2 CL-VaPUC  |9 266077 
583 |a last modification  |c 20100506 00:00:00  |k Rodrigo Vera 
999 |c 340849  |d 340847 
952 |0 0  |1 0  |4 0  |6 036_000000000000000_GOM_2007  |7 0  |8 C  |9 435981  |a BIBCUR  |b BIBCUR  |d 2019-11-22  |i 4671309  |o 036 GOM 2007  |p 4671309  |r 2025-04-22  |w 2019-11-22  |y BK  |k EXP